00412nam a22001577a 450000500170000000800410001704100080005810000240006624500560009025000190014626000270016530000110019265000290020394200070023299900150023920230118105643.0190427b xxu||||| |||| 00| 0 eng d aeng aGAWANDE, MS VANDANA aTEXTBOOK OF PHARMACEUTICAL ANALYSIS - I (SEM- II ) a5TH , ED. 2015 aPUNEbNIRALI PRAKASHAN a1.2 P, aPHARMACYxD.PHARMA97090 cBK c5829d5827